000 00252nam a2200097Ia 4500
001 1251444
005 20251031150915.0
008 251031s9999 xx 000 0 und d
245 0 _cİREM UŞAR
_aJ-1 ALİ CAVİDE KARŞI
260 _bGÜNIŞIĞI YAYINLARI
999 _c1251444
_d1251444